Las toxicomanías. (Registro nro. 2214)
[ vista simple ]
| 000 -LEADER | |
|---|---|
| fixed length control field | 01107nam a2200277 a 4500 |
| 005 - FECHA ULTIMA MODIFICACION | |
| control field | 20240412113948.0 |
| 008 - CAMPO DE CONTROL (LIBRO) | |
| fixed length control field | 100330t1986||||sp a f |||| 001 0 spa d |
| 020 ## - INTERNATIONAL STANDARD BOOK NUMBER | |
| ISBN | 8434526077 |
| 041 ## - CODIGO DE IDIOMA | |
| Código de idioma del texto/pista de sonido o título separado | spa |
| 092 ## - SIGNATURA TOPOGRAFICA DEWEY LOCAL | |
| número de clasificación | 613.8 |
| libristica | 91 |
| sección | VAL |
| 100 1# - ENTRADA PRINCIPAL--NOMBRE PERSONAL | |
| Nombre personal | Valbuena Briones, Agustín |
| 9 (RLIN) | 3012 |
| 245 ## - TITULO PROPIAMENTE DICHO | |
| Título | Las toxicomanías. |
| Subtítulo y Título paralelo | Problemas médicos y psiquíatricos / |
| Mención de responsabilidad y remanente de la transcripción de la portada | Agustín Valbuena Briones. |
| 250 ## - MENCION DE EDICION | |
| Mención de edición | 1a ed. |
| 260 ## - PIE DE IMPRENTA | |
| Lugar de publicación, distribución, etc | Barcelona: |
| Nombre de la editorial, distribuidor, etc | Salvat; |
| Fecha de publicación | 1986. |
| 300 ## - DESCRIPCION FISICA | |
| Extension | 246 p. |
| Otros detalles físicos | il. |
| 500 ## - NOTA GENERAL | |
| Nota general | Valbuena Briones, A. (1986). Las toxicomanías. Problemas médicos y psiquiátricos. (1a ed.). Barcelona : Salvat. |
| 653 ## - TÉRMINO INDIZADO - PALABRAS CLAVES | |
| Palabra clave | Introducción |
| 653 ## - TÉRMINO INDIZADO - PALABRAS CLAVES | |
| Palabra clave | Epidemiología de la droga |
| 653 ## - TÉRMINO INDIZADO - PALABRAS CLAVES | |
| Palabra clave | Nomeclatura y clasificación de las toxicomanías: motivaciones y causas |
| 653 ## - TÉRMINO INDIZADO - PALABRAS CLAVES | |
| Palabra clave | Descripción de los distintos grupos de sustancias capaces de producir toxicomanía |
| 653 ## - TÉRMINO INDIZADO - PALABRAS CLAVES | |
| Palabra clave | Complicaciones médico-quirúrgicas |
| 653 ## - TÉRMINO INDIZADO - PALABRAS CLAVES | |
| Palabra clave | Complicaciones psiquíatricas del uso de las drogas |
| 653 ## - TÉRMINO INDIZADO - PALABRAS CLAVES | |
| Palabra clave | drogas ilegales y delincuencia. Legislación |
| 653 ## - TÉRMINO INDIZADO - PALABRAS CLAVES | |
| Palabra clave | Tratamiento de las toxicomanías |
| 942 ## - ADDED ENTRY ELEMENTS (KOHA) | |
| Source of classification or shelving scheme | Dewey Decimal Classification |
| Item type | Libros |
| Estado de retiro | Existencia | Fuente de clasificación | Estado general | No para prestamo | Ubicación permanente | ubicación actual | Sala de ubicación | Fecha de adquisición | Fuente de adquisición | Total Checkouts | Número de clasificación | Código de barras | Date last seen | Date last borrowed | Número de ejemplar | Price effective from | Koha tipo de elemento (item) | Public note |
|---|---|---|---|---|---|---|---|---|---|---|---|---|---|---|---|---|---|---|
| Dewey Decimal Classification | Biblioteca Medicina | Biblioteca Medicina | Circulación | 21/09/2015 | Donación Jaime Novodvoretz, Septiembre 2015 | 1 | 613.8 91 VAL | 3555 | 11/10/2022 | 04/10/2022 | Ej.1 | 21/09/2015 | Libros | Donación Jaime Novodvoretz, Septiembre 2015 |